Vida y obra de Víctor Said Armesto / (Record no. 190782)

MARC details
000 -LEADER
campo de control de longitud fija 00925nam a2200241 i 4500
001 - NÚMERO DE CONTROL
campo de control 190782
003 - IDENTIFICADOR DE NÚMERO DE CONTROL
campo de control ES-MaACL
005 - FECHA Y HORA DE LA ÚLTIMA TRANSACCIÓN
campo de control 20250728093922.0
008 - DATOS DE LONGITUD FIJA--INFORMACIÓN GENERAL
campo de control de longitud fija 220706s1993 sp c 001 0bspa
020 ## - NÚMERO INTERNACIONAL ESTÁNDAR DEL LIBRO
Número Internacional Estándar del Libro 84-87819-64-8
080 ## - NÚMERO DE LA CLASIFICACIÓN DECIMAL UNIVERSAL
Número de la Clasificación Decimal Universal 929 Said Armesto, Víctor
080 ## - NÚMERO DE LA CLASIFICACIÓN DECIMAL UNIVERSAL
Número de la Clasificación Decimal Universal 860 Said Armesto, Víctor 1.06
100 1# - ENTRADA PRINCIPAL--NOMBRE DE PERSONA
Nombre de persona Díaz-Plaja, Fernando,
Fechas asociadas al nombre 1918-2012
Término indicativo de función/relación Autor
9 (RLIN) 44396
245 10 - MENCIÓN DEL TÍTULO
Título Vida y obra de Víctor Said Armesto /
Mención de responsabilidad, etc. Fernando Díaz-Plaja
260 ## - PUBLICACIÓN, DISTRIBUCIÓN, ETC.
Lugar de publicación, distribución, etc. [La Coruña] :
Nombre del editor, distribuidor, etc. Fundación Pedro Barrié de la Maza,
Fecha de publicación, distribución, etc. [1993]
300 ## - DESCRIPCIÓN FÍSICA
Extensión 387 páginas :
Otras características físicas 1 retrato ;
Dimensiones 24 cm.
504 ## - NOTA DE BIBLIOGRAFÍA, ETC.
Nota de bibliografía, etc. Bibliografía: páginas 385-386
600 14 - PUNTO DE ACCESO ADICIONAL DE MATERIA--NOMBRE DE PERSONA
Nombre de persona Said Armesto, Víctor,
Fechas asociadas al nombre 1871-1914
9 (RLIN) 101488
710 2# - ENTRADA AGREGADA--NOMBRE DE ENTIDAD CORPORATIVA
Nombre de entidad corporativa o nombre de jurisdicción como elemento de entrada Fundación Pedro Barrié de la Maza, Conde de Fenosa
Término indicativo de función/relación Editor
9 (RLIN) 176439
852 4# - LOCALIZACIÓN
Ubicación ES-MaACL
Número de control de estantería A-15004
itemnumber 197964
Sublocalización o colección R.151654
Ubicación en estantería Depósito 1
Signatura antigua Olim: N-8004
Donativo/Legado Donación: Editorial
942 ## - ELEMENTOS DE ENTRADA SECUNDARIOS (KOHA)
Fuente del sistema de clasificación o colocación Clasificación decimal universal
Tipo de ítem Koha Libro impreso
Suprimir en OPAC No
Holdings
Estatus retirado Estado de pérdida Fuente del sistema de clasificación o colocación Estado de daño No para préstamo Biblioteca de origen Biblioteca actual Ubicación en estantería Fecha de adquisición Fuente de adquisición Total de préstamos Signatura topográfica completa Código de barras Visto por última vez Tipo de ítem Koha
    Clasificación decimal universal     Biblioteca del Ateneo de Madrid Biblioteca del Ateneo de Madrid Depósito 1 06/07/2022 Donación   A-15004 1203052 23/02/2023 Libro impreso